00859nam a22001697a 4500003000900000005001700009008004100026040001300067110002900080245017900109260002500288300004100313500011100354650005000465651005000515856012400565BR-ViAPE20260505114300.0260505s1961 por gs||||s000 0 por d cBR-ViAPE aEspírito SantobEstado aMensagem apresentada à Assembleia Legislativa Estadual por ocasião da abertura da sessão legislativa de 1961 pelo Dr. Carlos Fernando M. Lindenberg Governador do Estado a[s.l.]b[s.n.]c1961 a226 p.bDocumento digitalizado (PDF) aDocumento digitalizado do acervo institucional do Arquivo Público do Estado do Espírito Santo - APEES. aAdministração públicazEspírito Santo aEspírito SantoxAdministração pública uhttps://ape.es.gov.br/Media/ape/PDF/Mensagens/Mensagem-2024/mensagem%201961-1.pdfyCLIQUE AQUI PARA ACESSAR O DOCUMENTO